000 00333nam a22001457a 4500
003 SGT
020 _a97815-43343-10-6
082 _a615
_bBAR
100 _aBARHATE, DR. S.D.
245 _aA TEXTBOOK OF MODERN PHARMACEUTICAL
260 _aINDIA
_bPV. PUB.
_c2019
300 _a380
650 _aPHARMACEUTICAL
942 _2ddc
_cBK
999 _c32427
_d32427